00682nai a2200169Ia 4500003000900000008004100009022002200050022002300072040001600095245006700111260008600178310001400264362002900278521006900307650004600376856009000422IN-BaIIA211028c9999 xx s 000 0 eng d a0361-1000 (Print) a1558-2469 (Online) cIIA Library 0aIEEE Transactions on Parts, Hybrids, and Packagingh[eJournal] aNew York, USAbThe Institute of Electrical and Electronics Engineers, Inc. (IEEE) aQuarterly a7(2); 1971 - 13(4); 1977 bSubscribed through National Knowledge Resource Consortium (NKRC) aComponents, Circuits, Devices and Systems uhttps://ieeexplore.ieee.org/servlet/opac?punumber=8217yClick Here to Access eJournal